00325nam a2200121Ia 4500008004100000041000800041082001200049100001900061245004500080260003400125300003300159365001100192240624s9999 xx 000 0 und d aeng a828 HAS aHASAN MUSHIRUL aFROM GHALIB S DELLI TO LUTYEN S NEW DELH c2014aNew DelhibOxford India axliii, : 296 : p. : cm. ; 24 cRSb31